[Event "Ille et Vilaine-ch 1112"]
[Site "Ile et Vilaine"]
[Date "2011.11.05"]
[Round "2.22"]
[White "Forget, Guillaume"]
[Black "Daugan, Rene"]
[Result "1-0"]
[WhiteElo "1499"]
[BlackElo "1499"]
[PlyCount "87"]
[EventDate "2012.10.??"]
[EventType "swiss"]
[EventRounds "7"]
[EventCountry "FRA"]
[SourceTitle "EXT 2014"]
[Source "ChessBase"]
[SourceDate "2013.11.20"]
[SourceVersion "1"]
[SourceVersionDate "2013.11.20"]
[SourceQuality "1"]

1. d4 d5 2. c4 e6 3. Nc3 Nf6 4. Bg5 Be7 5. e3 c6 6. Nf3 0-0 7. Be2 dxc4 8. Bxc4 Nd5 9. Bxe7 Qxe7 10. Qb3 Nd7 11. 0-0 N7b6 12. Bd3 Rb8 13. Rfc1 Bd7 14. Ne4 Nb4 15. Qa3 Rfe8 16. Be2 a6 17. Rc3 N6d5 18. Rc5 b6 19. Rcc1 a5 20. Ne5 Rbc8 21. Qb3 Nf6 22. Nxf6+ gxf6 23. Nxd7 Qxd7 24. a3 Nd5 25. Rc2 Kh8 26. Rac1 Qb7 27. Bf3 Re7 28. e4 Nf4 29. Qc3 e5 30. Qxc6 Rxc6 31. Rxc6 Kg7 32. d5 Nd3 33. R1c2 Nc5 34. b4 axb4 35. axb4 Rc7 36. Rxc7 Qxc7 37. bxc5 bxc5 38. Be2 Qa5 39. f3 Qe1+ 40. Bf1 Qe3+ 41. Kh1 Qd4 42. h3 c4 43. Rxc4 f5 44. Rxd4 1-0